| 000 | 006820000a22002890004500 | ||
|---|---|---|---|
| 440 | _aInternational series in pure and applied physics | ||
| 650 | _aPhysics | ||
| 650 | _aQuantum mechanics | ||
| 650 | _aQuantum theory | ||
| 650 | _aWave mechanics | ||
| 650 | _aWaves | ||
| 650 | _aMolecules | ||
| 650 | _aAtomic structure | ||
| 650 | _aRadiation | ||
| 650 | _aParticles | ||
| 082 |
_a530.12 _bSch32a |
||
| 518 | _a20050930 | ||
| 530 | _aM | ||
| 100 | _aSchiff, Leonard I. | ||
| 245 | _aQuantum mechanics | ||
| 250 | _a3rd edn. | ||
| 260 |
_aLondon _bMcGraw-Hill, Great Britain |
||
| 260 | _c1968 | ||
| 300 | _axviii, 544p. | ||
| 041 | _aEng | ||
| 942 | _cGEN | ||
| 999 |
_c34782 _d34782 |
||